| 000 | 003500000a22001450004500 | ||
|---|---|---|---|
| 003 | MACL | ||
| 040 | _aMACL | ||
| 090 |
_c4780 _d4779 |
||
| 100 | _aChattopadhyaya, Devi Prasad | ||
| 245 | _aWhat Is Living And What Is Dead In Indian Philosophy | ||
| 260 |
_bPeople Publishing House _c1993 |
||
| 350 | _a200 | ||
| 650 | _aPhilosophy | ||
| 942 |
_cBOOK _k100 |
||
| 999 |
_c4742 _d4742 |
||